Statistics for Rachel McAdams Films

Click here to take the quiz!

General Stats

  • This quiz has been taken 181 times
  • The average score is 6 of 20

Answer Stats

HintAnswer% Correct
2004The Notebook
84%
2004Mean Girls
83%
2012The Vow
52%
2013About Time
48%
2005Red Eye
38%
2005Wedding Crashers
37%
2009The Time Traveler's Wife
33%
2009Sherlock Holmes
29%
2002The Hot Chick
28%
2010Morning Glory
26%
2011Midnight in Paris
24%
2005Family Stone
17%
2011Sherlock Holmes 2
15%
2012Passion
12%
2009State of Play
10%
2007Married Life
9%
2008The Lucky Ones
9%
2012To the Wonder
9%
2002My Name is Tanino
8%
2002Perfect Pie
8%

Score Distribution

Percentile by Number Answered

Percent of People with Each Score

Your Score History

You have not taken this quiz